standing orders of the House of Commons (Record no. 2317)

MARC details
000 -LEADER
fixed length control field 00341nam a22001337a 4500
008 - FIXED-LENGTH DATA ELEMENTS--GENERAL INFORMATION
fixed length control field 230621b xxu||||| |||| 00| 0 eng d
020 ## - INTERNATIONAL STANDARD BOOK NUMBER
International Standard Book Number 0102143986
082 ## - DEWEY DECIMAL CLASSIFICATION NUMBER
Classification number 328.42
Item number HOC
100 ## - MAIN ENTRY--PERSONAL NAME
Titles and words associated with a name House of Commons
245 ## - TITLE STATEMENT
Title standing orders of the House of Commons
Remainder of title Public Business
260 ## - PUBLICATION, DISTRIBUTION, ETC. (IMPRINT)
Place of publication, distribution, etc. london
Date of publication, distribution, etc. 1998
300 ## - PHYSICAL DESCRIPTION
Extent 148p
942 ## - ADDED ENTRY ELEMENTS (KOHA)
Source of classification or shelving scheme Dewey Decimal Classification
Koha item type Books
Holdings
Withdrawn status Lost status Source of classification or shelving scheme Damaged status Not for loan Home library Current library Date acquired Total Checkouts Full call number Barcode Date last seen Price effective from Koha item type Checked out
    Dewey Decimal Classification     County Hall Archives County Hall Archives 06/21/2023   328.42 HOC 10011739 06/21/2023 06/21/2023 Books  
    Dewey Decimal Classification     County Hall Archives County Hall Archives 06/21/2023   328.42 HOC 10013461 06/21/2023 06/21/2023 Books 05/31/2021
LIBRARY OPENING HOURS

When the Parliament is sitting: 8.00a.m - 7.00p.m or until the house adjourns
Mondays and Fridays and when the House is on Recess:  8.00a.m - 5.00p.m
Closed on Weekends and Public Holidays

Online Public Access Catalog (OPAC)
Website: http://www.parliament.go.ke
Bunge Library: https://libraryir.parliament.go.ke
Contact: library@parliament.go.ke | Tel no: (254-2)2221291 or 2848000 Ext 5043